[Event "GER-chT U10"]
[Site "Magdeburg"]
[Date "2013.12.28"]
[Round "3.1"]
[White "Bui, Bao Anh Le"]
[Black "Siegl, Justus"]
[Result "1-0"]
[WhiteElo "1379"]
[BlackElo "888"]
[PlyCount "43"]
[EventDate "2013.12.27"]
[EventType "team-swiss"]
[EventRounds "5"]
[EventCountry "GER"]
[SourceTitle "EXT 2015"]
[Source "ChessBase"]
[SourceDate "2014.11.20"]
[SourceVersion "1"]
[SourceVersionDate "2014.11.20"]
[SourceQuality "1"]
[WhiteTeam "Treptow"]
[BlackTeam "Breitenworbis"]
[WhiteTeamCountry "GER"]
[BlackTeamCountry "GER"]

1. e4 e5 2. Nf3 Nc6 3. Bc4 Bc5 4. c3 Nf6 5. d3 h6 6. Bb3 d6 7. Nbd2 Bg4 8. h3 Bh5 9. Nf1 0-0 10. g4 Bg6 11. Ng3 Re8 12. Rg1 Ne7 13. g5 Nh7 14. gxh6 gxh6 15. Bxh6 Qd7 16. h4 Nf6 17. h5 Bh7 18. Nf5+ Kh8 19. Bg7+ Kg8 20. Bxf6+ Kf8 21. Qd2 Ng8 22. Bg7# 1-0

[Event "GER-chT U10"]
[Site "Magdeburg"]
[Date "2012.12.28"]
[Round "3.2"]
[White "Siegl, Justus"]
[Black "Kantor, Tim"]
[Result "1-0"]
[WhiteElo "776"]
[BlackElo "881"]
[PlyCount "41"]
[EventDate "2012.12.27"]
[EventType "team-swiss"]
[EventRounds "7"]
[EventCountry "GER"]
[SourceTitle "EXT 2014"]
[Source "ChessBase"]
[SourceDate "2013.11.20"]
[SourceVersion "1"]
[SourceVersionDate "2013.11.20"]
[SourceQuality "1"]
[WhiteTeam "Breitenworbis II"]
[BlackTeam "Berghofen Hoerde"]
[WhiteTeamCountry "GER"]
[BlackTeamCountry "GER"]

1. e4 e5 2. Nf3 Nc6 3. Bc4 Bb4 4. a3 Ba5 5. Nc3 Nf6 6. d3 0-0 7. Bg5 h6 8. Bh4 d5 9. exd5 Nxd5 10. Bxd8 Rxd8 11. 0-0 Bxc3 12. bxc3 Nxc3 13. Qd2 b5 14. Qxc3 bxc4 15. Qxc4 Bg4 16. Rfe1 Rac8 17. Nxe5 Nxe5 18. Rxe5 Rd6 19. Rd5 Re6 20. Qb5 Rce8 21. h3 1-0

[Event "GER-chT U10"]
[Site "Magdeburg"]
[Date "2012.12.28"]
[Round "5.2"]
[White "Siegl, Justus"]
[Black "Schnabel, Luise"]
[Result "1-0"]
[WhiteElo "776"]
[BlackElo "1014"]
[PlyCount "133"]
[EventDate "2012.12.27"]
[EventType "team-swiss"]
[EventRounds "7"]
[EventCountry "GER"]
[SourceTitle "EXT 2014"]
[Source "ChessBase"]
[SourceDate "2013.11.20"]
[SourceVersion "1"]
[SourceVersionDate "2013.11.20"]
[SourceQuality "1"]
[WhiteTeam "Breitenworbis II"]
[BlackTeam "Berlin Schachpinguine"]
[WhiteTeamCountry "GER"]
[BlackTeamCountry "GER"]

1. e4 e5 2. Nf3 Nc6 3. Bc4 Bc5 4. d3 Nf6 5. Bg5 h6 6. Bh4 d6 7. h3 Be6 8. Nc3 Nd4 9. Nxd4 Bxd4 10. Rb1 Bxc4 11. dxc4 Qe7 12. 0-0 0-0-0 13. Nd5 Qe6 14. c3 Bc5 15. Qa4 c6 16. b4 Bb6 17. Nxb6+ axb6 18. b5 c5 19. Qa8+ Kc7 20. Qa4 g5 21. Bg3 g4 22. h4 Nxe4 23. Rbc1 Ra8 24. Qb3 Nd2 25. Qc2 Nxf1 26. Rxf1 Qxc4 27. Qf5 Ra3 28. Qc2 Rxc3 29. Qd2 f5 30. Rd1 Qe6 31. Qxc3 f4 32. Bh2 Rg8 33. g3 fxg3 34. Bxg3 Rf8 35. Qc2 Rf3 36. Qe4 Ra3 37. Qh7+ Kb8 38. Qh8+ Kc7 39. Qh7+ Qd7 40. Qxd7+ Kxd7 41. Rd2 Ra5 42. Rb2 Ke6 43. Kf1 Kd5 44. Ke2 Kc4 45. Rd2 Rxb5 46. Rxd6 Rb2+ 47. Ke3 b5 48. Rxh6 b4 49. Bxe5 Rxa2 50. Rb6 b3 51. h5 Ra8 52. h6 Re8 53. Kf4 Rf8+ 54. Kxg4 Rg8+ 55. Kf5 Rf8+ 56. Ke4 Rf7 57. f4 Rh7 58. Bg7 b2 59. Rxb2 b5 60. f5 b4 61. f6 b3 62. f7 Kb4 63. f8Q Rxg7 64. Qxg7 Ka5 65. Qa7+ Kb4 66. Qb8+ Ka3 67. Qxb3# 1-0

[Event "GER-chT U10"]
[Site "Magdeburg"]
[Date "2012.12.27"]
[Round "1.2"]
[White "Siegl, Justus"]
[Black "Hoffmann, Simon"]
[Result "0-1"]
[WhiteElo "776"]
[BlackElo "1076"]
[PlyCount "92"]
[EventDate "2012.12.27"]
[EventType "team-swiss"]
[EventRounds "7"]
[EventCountry "GER"]
[SourceTitle "EXT 2014"]
[Source "ChessBase"]
[SourceDate "2013.11.20"]
[SourceVersion "1"]
[SourceVersionDate "2013.11.20"]
[SourceQuality "1"]
[WhiteTeam "Magdeburg USC"]
[BlackTeam "Breitenworbis II"]
[WhiteTeamCountry "GER"]
[BlackTeamCountry "GER"]

1. d3 e5 2. Nc3 Nc6 3. e4 Bc5 4. Nf3 d6 5. h3 Nf6 6. Bg5 Be6 7. Be2 h6 8. Bh4 g5 9. Bg3 Qd7 10. 0-0 0-0-0 11. a3 Nh5 12. Bh2 Bxh3 13. gxh3 Qxh3 14. Kh1 Nf4 15. Rg1 Bxf2 16. Qf1 Bxg1 17. Nxg1 Qxf1 18. Bxf1 Nd4 19. Nge2 Nxc2 20. Rc1 Ne3 21. Bxf4 exf4 22. Bh3+ Kb8 23. Nb5 c6 24. Nbc3 g4 25. Bg2 f3 26. Bxf3 gxf3 27. Nd4 f2 28. Kh2 Rhg8 29. Nf5 Nxf5 30. exf5 Rg5 31. Rf1 Rxf5 32. Ne4 Rh5+ 33. Kg2 f5 34. Nf6 Rg5+ 35. Kxf2 h5 36. Ke2 h4 37. Rh1 Rg2+ 38. Kf3 Rxb2 39. Rxh4 Kc8 40. Kf4 Rf8 41. Kxf5 Rf2+ 42. Ke6 R2xf6+ 43. Ke7 R8f7+ 44. Ke8 Rg7 45. Rh8 b5 46. Rf8 Re6# 0-1